| 000 | 01155nam a2200217Ia 4500 | ||
|---|---|---|---|
| 003 | Ost | ||
| 005 | 20260507074951.0 | ||
| 008 | 260507s9999||||xx |||||||||||||| ||und|| | ||
| 040 | _cfsecg | ||
| 041 | _aara | ||
| 082 | _a658 | ||
| 100 |
_aالموسوي، منعم زمزير _eمؤلف |
||
| 245 | 0 |
_aالأساليب الكمية وبحوث العمليات في الإدارة / _c منعم زمزير الموسوي |
|
| 260 |
_aعمان: _bدار زهران للطباعة والنشر, _c2006 |
||
| 300 |
_a376 صفحة؛ _bإيضاحات ؛ _c25 سم |
||
| 504 | _aببليوغرافيا:ص.376 | ||
| 520 | _aمفهوم وماهية الأساليب الكمية،البرمجة الخطية-الطريقة البيانية،البرمجة الخطية-طريقة السمبلكس،حالات خاصة بنموذج البرمجة الخطية وأسعار الظل،نموذج النقل،نموذج التخصص،شبكات الأعمال والمسار الحرج،أسلوب مراجعة وتقييم البرامج،نظرية المباريات | ||
| 653 | _aالبرمجة | ||
| 653 | _aبحوث العمليات | ||
| 942 | _cكتاب | ||
| 999 |
_c41995 _d41995 |
||